| Поле | Название | Значение |
| |
Тип записи |
a |
| |
Библиографический уровень |
m |
| 001 |
Контрольный номер |
UONB/MAIN/a9efbb78272d4ccabe00b6b113ab4e3b |
| 005 |
Дата корректировки |
20260421120326.7 |
| 010 |
Индекс ISBN |
__ |
| a |
ISBN |
978-5-392-42809-0 |
| b |
Уточнения |
в пер. |
| 9 |
Тираж |
5000 экз. |
| 100 |
Данные общей обработки |
__ |
| a |
Данные общей обработки |
20260402d2025 uy0rusy0189 ca |
| 101 |
Язык документа |
0_ |
| a |
Язык текста |
rus |
| 102 |
Страна публикации |
__ |
| a |
Страна публикации |
RU |
| 105 |
Кодированные данные (монография) |
__ |
| a |
Кодированные данные (монография) |
a z 000ay |
| 200 |
Заглавие и сведения об ответственности |
1_ |
| a |
Заглавие |
Сказки |
| f |
Первые сведения об ответственности |
А. С. Пушкин |
| g |
Последующие сведения об ответственности |
с иллюстрациями Бориса Дехтерёва |
| 203 |
Вид содержания и тип средства |
__ |
| a |
Вид содержания |
Текст |
| b |
Характеристика содержания |
визуальный |
| c |
Тип средства |
непосредственный |
| 210 |
Выходные данные |
1_ |
| a |
Место издания |
Москва |
| c |
Издательство |
Проспект |
| d |
Дата издания |
2025 |
| 215 |
Физическое описание |
__ |
| a |
Объем |
134, [2] с. |
| c |
Иллюстрации/тип воспроизводства |
ил. |
| d |
Формат |
27 см |
| 225 |
Серия |
1_ |
| a |
Серия |
Расту с книгой |
| 327 |
Примечание о содержании |
01 |
| a |
Примечание о содержании |
Содерж.: Сказка о царе Салтане ; Сказка о золотом петушке ; Сказка о мёртвой царевне и о семи богатырях ; Сказка о рыбаке и рыбке ; Сказка о попе и работнике его Балде |
| 333 |
Примечание о целевом назначении |
__ |
| a |
Примечание о целевом назначении |
6+ |
| 464 |
Аналитический уровень |
_0 |
| 1 |
|
2001 |
| a |
|
Сказка о царе Салтане |
| a |
|
Сказка о золотом петушке |
| a |
|
Сказка о мёртвой царевне и о семи богатырях |
| a |
|
Сказка о попе и работнике его Балде |
| 606 |
Тематические рубрики |
0_ |
| a |
Основная рубрика |
Сказки (д. л.) |
| 610 |
Ключевые слова |
0_ |
| a |
Ключевые слова |
сказки русские |
| 686 |
Индексы других классификаций |
__ |
| 2 |
Код системы |
rubbk |
| a |
Классификационный индекс |
84Р1-4 |
| 700 |
Автор |
_1 |
| a |
Фамилия |
Пушкин |
| b |
Имя (инициалы) |
А. С. |
| g |
Полное личное имя |
Александр Сергеевич |
| 702 |
Вторичная интеллектуальная ответственность |
_1 |
| a |
Фамилия |
Дехтерев |
| b |
Имя (инициалы) |
Б. А. |
| 4 |
Код отношения |
440 |
| 801 |
Источник записи |
_0 |
| a |
Страна |
RU |
| b |
Организация |
Ульяновская ОНБ |
| c |
Дата составления |
20260402 |
| g |
Правила каталогизации |
RCR |
| 801 |
Источник записи |
_1 |
| a |
Страна |
RU |
| b |
Организация |
Ульяновская ОНБ |
| c |
Дата составления |
20260402 |
| g |
Правила каталогизации |
RCR |
| 900 |
Электронные ресурсы |
__ |
| a |
Имя электронного ресурса |
проспект20260156 |
| 900 |
Электронные ресурсы |
__ |
| a |
Имя электронного ресурса |
проспект20260157 |
| 901 |
Тип документа |
__ |
| t |
Тип документа |
m |
| 909 |
Создатель записи |
__ |
| a |
Создатель записи |
Егорова Э. А. |
| b |
Дата создания записи |
20260402 |
| 910 |
Корректоры записи |
__ |
| a |
Корректор записи |
Пряхина |
| b |
Дата внесения изменения в запись |
20260421 |